[Event "OLNW 1819 Delmenhorster SK - Hannover 9"]
[Site "?"]
[Date "2018.11.11"]
[Round "2.3"]
[White "Schulz, Daniel"]
[Black "Steingraeber, Kai Uwe"]
[Result "1-0"]
[WhiteElo "2068"]
[BlackElo "2044"]
[PlyCount "81"]
[EventDate "2018.??.??"]

1. d4 d5 2. c4 c6 3. Nf3 Nf6 4. Nc3 dxc4 5. a4 Bf5 6. Ne5 Nbd7 7. Nxc4 e6 8. f3
Bg6 9. e4 Qc7 10. Be3 Bb4 11. Be2 O-O 12. O-O a6 13. Qb3 c5 14. Bf2 cxd4 15.
Qxb4 dxc3 16. Qxc3 Rac8 17. a5 Ne8 18. Rfd1 f6 19. Qa3 e5 20. b4 Rd8 21. Ne3
Bf7 22. Rac1 Qb8 23. b5 Nc7 24. b6 Ne6 25. Nf5 Nf4 26. Bf1 Be6 27. Nd6 Qa8 28.
Rc7 Nb8 29. Rdc1 Rd7 30. Nxb7 Qxb7 31. Rxb7 Rxb7 32. Bc5 Rd8 33. Bd6 Rbd7 34.
Bc7 Rd1 35. Bxd8 Ne2+ 36. Kf2 Nxc1 37. Qe7 Bf7 38. Bc7 Nc6 39. Qc5 Nd4 40. Bxe5
Ne6 41. Qc8+ 1-0

[Event "OLNW 1819 Delmenhorster SK - Hannover 9"]
[Site "?"]
[Date "2018.11.11"]
[Round "2.4"]
[White "Pahl, Erik"]
[Black "Adibekian, Roubik"]
[Result "1-0"]
[WhiteElo "1963"]
[BlackElo "2208"]
[PlyCount "93"]
[EventDate "2018.??.??"]

1. Nf3 Nf6 2. g3 c5 3. Bg2 Nc6 4. c4 d5 5. cxd5 Nxd5 6. Nc3 Nb6 7. d3 e5 8. Nd2
Be7 9. Bxc6+ bxc6 10. b3 O-O 11. Bb2 Be6 12. Nf3 f6 13. O-O Rb8 14. Qd2 c4 15.
dxc4 Nxc4 16. Qxd8 Rfxd8 17. Bc1 Na3 18. Be3 Rb7 19. Rac1 Rc7 20. Na4 Nb5 21.
Bc5 e4 22. Nh4 g5 23. Ng2 Rd2 24. e3 Rxa2 25. Bxe7 Rxe7 26. Rxc6 Bxb3 27. Nc5
Bd5 28. Rxf6 Nc3 29. Rd6 Ra5 30. Nd7 Be6 31. Nb8 Bc4 32. Nc6 Bxf1 33. Nxa5 Bb5
34. h4 g4 35. Nf4 Ne2+ 36. Kg2 Nxf4+ 37. gxf4 Be2 38. Nc6 Rb7 39. Nd4 Bd3 40.
Kg3 h5 41. Rd5 Rh7 42. Ne6 Rh6 43. f5 Kf7 44. Kf4 Kf6 45. Rd7 Rh8 46. Ng5 Bc4
47. Nxe4# 1-0

[Event "OLNW 1819 Delmenhorster SK - Hannover 9"]
[Site "?"]
[Date "2018.11.11"]
[Round "2.5"]
[White "Usachyi, Vladimir"]
[Black "Sturm, Tobias"]
[Result "1-0"]
[WhiteElo "2111"]
[BlackElo "2027"]
[PlyCount "87"]
[EventDate "2018.??.??"]

1. d4 Nf6 2. c4 g6 3. Nc3 Bg7 4. e4 d6 5. Be2 O-O 6. Bg5 h6 7. Be3 Na6 8. Qd2
Kh7 9. h3 e5 10. d5 Nc5 11. Bf3 Nfxe4 12. Nxe4 Nxe4 13. Bxe4 f5 14. Bc2 f4 15.
O-O-O fxe3 16. fxe3 Qh4 17. Qd3 e4 18. Qxe4 Qxe4 19. Bxe4 Re8 20. Bd3 Rxe3 21.
Nf3 Bd7 22. Nh4 Rg3 23. Rhf1 Rf8 24. Rxf8 Bxf8 25. Nxg6 Kg8 26. Nxf8 Kxf8 27.
Be4 Kg7 28. Rd3 Rg5 29. Kd2 Kf6 30. Ra3 a6 31. b4 Ke5 32. Ke3 Rh5 33. Rc3 Rh4
34. Bf3 Be8 35. a3 Bf7 36. Rc1 Bg8 37. Kd3 Bf7 38. Re1+ Kf6 39. Bg4 b5 40. g3
bxc4+ 41. Kxc4 Rxg4+ 42. hxg4 c6 43. Rf1+ Kg6 44. Rxf7 1-0

[Event "OLNW 1819 Delmenhorster SK - Hannover 9"]
[Site "?"]
[Date "2018.11.11"]
[Round "2.6"]
[White "Pahl, Theis"]
[Black "Hilburt, Leonid"]
[Result "1-0"]
[WhiteElo "1986"]
[BlackElo "2094"]
[PlyCount "71"]
[EventDate "2018.??.??"]

1. Nf3 d5 2. g3 c5 3. Bg2 Nc6 4. O-O e5 5. d3 Nf6 6. e4 dxe4 7. dxe4 Bg4 8.
Nbd2 Qc7 9. c3 Be7 10. Qc2 Rd8 11. a4 a5 12. Nc4 Nd7 13. Be3 O-O 14. Qb3 h6 15.
Rfd1 Be6 16. Qb5 b6 17. Rd2 Na7 18. Qb3 Rb8 19. Bf1 Rfd8 20. Qc2 f6 21. Na3 Nf8
22. Bc4 Rxd2 23. Bxd2 Bxc4 24. Nxc4 Rd8 25. Qb3 Kh7 26. Qxb6 Qxb6 27. Nxb6 Rb8
28. Nc4 Nc6 29. Rd1 Ne6 30. Be3 Rb7 31. Rd5 Kg6 32. Ne1 Kf7 33. Nd3 Nc7 34.
Nxc5 Nxd5 35. Nxb7 Nxe3 36. fxe3 1-0

[Event "OLNW 1819 Delmenhorster SK - Hannover 9"]
[Site "?"]
[Date "2018.11.11"]
[Round "2.8"]
[White "Petri, Ben-Luca"]
[Black "Sanasi, Marcello"]
[Result "1-0"]
[WhiteElo "1797"]
[BlackElo "1637"]
[PlyCount "76"]
[EventDate "2018.??.??"]

1. e4 g6 2. d4 Bg7 3. c4 d6 4. Nc3 Nf6 5. f3 O-O 6. Nge2 e5 7. Be3 a5 8. Qd2
Nc6 9. d5 Nb4 10. a3 Na6 11. b4 Nd7 12. Nc1 f5 13. Nb3 f4 14. Bf2 b6 15. Nb5 a4
16. Nc1 Bb7 17. Nd3 g5 18. h3 h5 19. Be2 Nf6 20. Rc1 Qd7 21. Nb2 g4 22. hxg4
hxg4 23. Qd1 g3 24. Bg1 Kf7 25. Nxa4 Rh8 26. Rxh8 Rxh8 27. Qc2 Rh1 28. Kd2 Bf8
29. c5 bxc5 30. bxc5 dxc5 31. Nxc5 Bxc5 32. Bxc5 Rxc1 33. Kxc1 c6 34. dxc6 Bxc6
35. Nd6+ Kg7 36. Bxa6 Ba4 37. Qc4 Kg6 38. Bc8 Qc6 1-0

[Event "OLNW 1819 Hannover 96 - SF Hannover"]
[Site "?"]
[Date "2018.11.25"]
[Round "3.1"]
[White "Ackermann, Dennie"]
[Black "Ivanov, Vladimir"]
[Result "0-1"]
[WhiteElo "2163"]
[BlackElo "2387"]
[PlyCount "64"]
[EventDate "2018.??.??"]

1. d4 Nf6 2. Nc3 d5 3. Bf4 c6 4. e3 g6 5. f3 Qb6 6. Na4 Qa5+ 7. c3 Nbd7 8. b4
Qd8 9. Bd3 Nh5 10. Bg5 Qc7 11. Ne2 e5 12. O-O h6 13. Bh4 Bd6 14. g4 Ng7 15. e4
h5 16. Bg3 hxg4 17. f4 exf4 18. Nxf4 dxe4 19. Bxe4 O-O 20. Nxg6 fxg6 21. Qxg4
Bxg3 22. Qxg6 Bxh2+ 23. Kh1 Nf6 24. Rxf6 Rxf6 25. Qxf6 Be6 26. Qg6 Qf4 27. Qh7+
Kf7 28. Bg2 Bg3 29. Rf1 Bf2 30. Be4 Rh8 31. Qxh8 Qxe4+ 32. Kh2 Qf4+ 0-1

[Event "OLNW 1819 Hannover 96 - SF Hannover"]
[Site "?"]
[Date "2018.11.25"]
[Round "3.3"]
[White "Pawelzik, Malte"]
[Black "Schulz, Daniel"]
[Result "1-0"]
[WhiteElo "2118"]
[BlackElo "2068"]
[PlyCount "73"]
[EventDate "2018.??.??"]

1. e4 d6 2. d4 Nf6 3. Nc3 Nbd7 4. Nf3 e5 5. Bc4 Be7 6. a4 c6 7. O-O Qc7 8. Re1
h6 9. a5 Nf8 10. dxe5 dxe5 11. Nh4 g6 12. h3 Ne6 13. Be3 Kf8 14. Nf3 g5 15. g3
g4 16. hxg4 Nxg4 17. Bd2 Rg8 18. Nh2 Nd4 19. Ne2 h5 20. Nxd4 exd4 21. Nxg4 Bxg4
22. Bh6+ Ke8 23. Qxd4 Bf3 24. e5 Rg6 25. Bf4 Rd8 26. Qe3 Bd5 27. Bd3 Rg8 28. e6
Bd6 29. exf7+ Kxf7 30. Bxd6 Qxd6 31. Be4 Be6 32. Qf3+ Ke7 33. Bf5 Rgf8 34. Qxh5
Rf6 35. Rad1 Qc5 36. Qh7+ Kf8 37. Rxd8# 1-0

[Event "OLNW 1819 Hannover 96 - SF Hannover"]
[Site "?"]
[Date "2018.11.25"]
[Round "3.4"]
[White "Adibekian, Roubik"]
[Black "Kaimer, Thomas"]
[Result "1-0"]
[WhiteElo "2208"]
[BlackElo "2149"]
[PlyCount "116"]
[EventDate "2018.??.??"]

1. d4 Nf6 2. Nf3 c5 3. c3 Qc7 4. Nbd2 d6 5. e3 e6 6. Bd3 Be7 7. Qe2 b6 8. e4
Bb7 9. O-O Nc6 10. Re1 cxd4 11. cxd4 Nb4 12. Nf1 Nxd3 13. Qxd3 Rc8 14. Ng3 O-O
15. Bf4 Qc4 16. Qa3 Qa6 17. Bxd6 Qxa3 18. Bxa3 Bxa3 19. bxa3 Rc3 20. Nd2 Rxa3
21. Nb3 Rc8 22. f3 Ba6 23. Rec1 Rxc1+ 24. Nxc1 Bc4 25. Nf1 Ne8 26. Nd2 Rc3 27.
Nxc4 Rxc4 28. Ne2 b5 29. Kf2 Kf8 30. Ke3 Ke7 31. Kd3 a6 32. Nc3 Rb4 33. a4 Nc7
34. axb5 axb5 35. Ra7 Kd6 36. d5 e5 37. Ra2 g6 38. g4 Rd4+ 39. Ke3 Rc4 40. Kd3
Rd4+ 41. Kc2 h6 42. Ra7 Rb4 43. Rb7 Rc4 44. Kb3 Rc5 45. Rb6+ Kd7 46. h4 Na8 47.
Rb8 Nc7 48. Rh8 Rc4 49. Nxb5 Rc5 50. Nxc7 Rxc7 51. Rxh6 Ke7 52. h5 Kf6 53. hxg6
fxg6 54. Rh8 Re7 55. Rb8 Kf7 56. Rb6 Rc7 57. g5 Kg7 58. d6 Rc1 1-0

[Event "OLNW 1819 Hannover 96 - SF Hannover"]
[Site "?"]
[Date "2018.11.25"]
[Round "3.5"]
[White "Herrmann, Andreas"]
[Black "Usachyi, Vladimir"]
[Result "1-0"]
[WhiteElo "2160"]
[BlackElo "2111"]
[PlyCount "109"]
[EventDate "2018.??.??"]

1. d4 d6 2. Nf3 Nf6 3. c3 c6 4. Bf4 Bg4 5. Nbd2 Nh5 6. Bg5 h6 7. Bh4 g5 8. Bg3
Nd7 9. e3 Qc7 10. Be2 O-O-O 11. b4 f5 12. Qb3 Ndf6 13. Nf1 Ne4 14. h3 Nhxg3 15.
fxg3 Bxf3 16. gxf3 Nf6 17. Qe6+ Qd7 18. Bc4 d5 19. Qxd7+ Rxd7 20. Bd3 e6 21.
Nd2 Bd6 22. g4 fxg4 23. hxg4 Re7 24. Nb3 Kc7 25. Kd2 Nd7 26. Rh3 e5 27. Rah1 e4
28. fxe4 dxe4 29. Be2 Reh7 30. a3 Nf6 31. Rf1 Be7 32. Rf5 b6 33. c4 Rf8 34. Rh1
Nd7 35. Rhf1 Rxf5 36. Rxf5 Nf6 37. c5 h5 38. gxh5 Nxh5 39. Bxh5 Rxh5 40. Re5
Rh2+ 41. Kc3 Kd7 42. Rxe4 Rh4 43. Kd3 g4 44. Nd2 g3 45. Nf3 Rh2 46. Rg4 Ra2 47.
Rxg3 Rxa3+ 48. Ke4 Bf6 49. Ne5+ Bxe5 50. Kxe5 Rb3 51. Rg7+ Kc8 52. Kd6 Rxe3 53.
Kxc6 Re6+ 54. Kd5 Rh6 55. Rxa7 1-0

[Event "OLNW 1819 Hannover 96 - SF Hannover"]
[Site "?"]
[Date "2018.11.25"]
[Round "3.6"]
[White "Kiselev, Alexander"]
[Black "Ploog, Martin"]
[Result "1/2-1/2"]
[WhiteElo "2127"]
[BlackElo "2108"]
[PlyCount "70"]
[EventDate "2018.??.??"]

1. e4 e6 2. d4 d5 3. e5 c5 4. c3 Nc6 5. Nf3 Bd7 6. Be2 Nge7 7. dxc5 Ng6 8. Be3
Ncxe5 9. Nxe5 Nxe5 10. O-O Be7 11. Na3 O-O 12. f4 Ng6 13. Qd2 b6 14. cxb6 axb6
15. Nb5 Bxb5 16. Bxb5 Bc5 17. a4 Qc7 18. Kh1 Ne7 19. Bd4 Bxd4 20. cxd4 Rfc8 21.
Rac1 Qd6 22. g3 g6 23. Kg2 Nf5 24. g4 Rxc1 25. Rxc1 Ne7 26. Kf3 Rc8 27. Rxc8+
Nxc8 28. Qc3 Ne7 29. b4 g5 30. Qd2 gxf4 31. Qxf4 Qxb4 32. Qb8+ Kg7 33. Qe5+ Kg8
34. Qb8+ Kg7 35. Qe5+ Kg8 1/2-1/2

[Event "OLNW 1819 Hannover 96 - SF Hannover"]
[Site "?"]
[Date "2018.11.25"]
[Round "3.8"]
[White "Sanasi, Marcello"]
[Black "Witthaus, Joerg"]
[Result "0-1"]
[WhiteElo "1637"]
[BlackElo "2028"]
[PlyCount "120"]
[EventDate "2018.??.??"]

1. Nf3 e6 2. g3 b6 3. Bg2 Bb7 4. O-O c5 5. d3 Be7 6. e4 d6 7. Nbd2 Nc6 8. Re1
Qc7 9. a4 Nf6 10. Nc4 O-O 11. Qe2 Rad8 12. c3 a6 13. e5 dxe5 14. Ncxe5 Na5 15.
Qc2 Bd6 16. Bg5 Be7 17. Rad1 h6 18. Bf4 Nh5 19. Be3 Bd5 20. c4 Bb7 21. Bd2 Nc6
22. Nxc6 Bxc6 23. Bc3 Bf6 24. Bxf6 Nxf6 25. b3 Qb7 26. Nh4 Rd4 27. Bxc6 Qxc6
28. Qe2 Nd7 29. Nf3 Rd6 30. d4 cxd4 31. Rxd4 Nc5 32. Rxd6 Qxd6 33. Rd1 Qc6 34.
Nd4 Qc7 35. Qc2 e5 36. Nf5 a5 37. Ne3 Ne6 38. Nd5 Qc5 39. Qe4 Nd4 40. Qd3 Re8
41. Re1 Re6 42. Kg2 f5 43. Rd1 Qa3 44. Nc7 Rc6 45. Nb5 Qxb3 46. Nxd4 Qxd3 47.
Rxd3 Rd6 48. f4 exd4 49. Kf3 Kf7 50. g4 g6 51. h4 h5 52. g5 Ke6 53. Ke2 Kd7 54.
Kd2 Kc6 55. Kc2 Kc5 56. Kb3 Re6 57. Kc2 Kxc4 58. Rd1 Re2+ 59. Kc1 Kc3 60. Rf1
d3 0-1

[Event "OLNW 1819 SK Union Oldenburg - Delmenho"]
[Site "?"]
[Date "2018.11.25"]
[Round "3.1"]
[White "Korsus, Bernd"]
[Black "Bredemeier, Dirk"]
[Result "1/2-1/2"]
[WhiteElo "2329"]
[BlackElo "2286"]
[PlyCount "43"]
[EventDate "2018.??.??"]

1. d4 Nf6 2. Nf3 e6 3. c4 Bb4+ 4. Bd2 Qe7 5. g3 Nc6 6. Bg2 Bxd2+ 7. Nbxd2 d6 8.
O-O a5 9. e4 e5 10. d5 Nb8 11. Ne1 O-O 12. Nd3 Na6 13. a3 Bd7 14. b4 axb4 15.
axb4 c6 16. dxc6 bxc6 17. Qc2 Nc7 18. Qc3 Rxa1 19. Rxa1 Rc8 20. Ra7 Nfe8 21.
Qa1 h5 22. h4 {(=)} 1/2-1/2

[Event "OLNW 1819 SK Union Oldenburg - Delmenho"]
[Site "?"]
[Date "2018.11.25"]
[Round "3.2"]
[White "Mueer, Sebastian"]
[Black "Margraf, Daniel"]
[Result "0-1"]
[WhiteElo "2205"]
[BlackElo "2252"]
[PlyCount "84"]
[EventDate "2018.??.??"]

1. d4 Nf6 2. Bf4 c5 3. e3 g6 4. Nf3 Bg7 5. Be2 O-O 6. h3 d5 7. O-O Qb6 8. Nc3
cxd4 9. exd4 Nc6 10. Re1 Bf5 11. Na4 Qd8 12. Bd3 Bxd3 13. Qxd3 Rc8 14. c3 b6
15. Ne5 Nxe5 16. Bxe5 Qd7 17. b3 Ne4 18. Bxg7 Kxg7 19. c4 Qf5 20. f3 Nd6 21.
Qxf5 Nxf5 22. cxd5 Rfd8 23. Rac1 Rxc1 24. Rxc1 Rxd5 25. Rc7 Rxd4 26. Rxa7 Rd1+
27. Kh2 Rd2 28. Nxb6 Nh4 29. Kh1 g5 30. Ra5 h6 31. Nc4 Rxg2 32. Ne3 Re2 33.
Nf5+ Nxf5 34. Rxf5 Rxa2 35. Kg1 Rb2 36. Rb5 Kg6 37. Rb8 Kh5 38. Rb7 Kh4 39.
Rxe7 Kg3 40. Kf1 Rxb3 41. Ke2 Rxf3 42. h4 g4 0-1

[Event "OLNW 1819 SK Union Oldenburg - Delmenho"]
[Site "?"]
[Date "2018.11.25"]
[Round "3.3"]
[White "Hoeffer, David"]
[Black "Wittje, Berthold"]
[Result "1-0"]
[WhiteElo "2239"]
[BlackElo "2241"]
[PlyCount "147"]
[EventDate "2018.??.??"]

1. e4 Nf6 2. e5 Nd5 3. d4 d6 4. c4 Nb6 5. exd6 exd6 6. Nc3 Nc6 7. d5 Ne5 8. f4
Ng4 9. Be2 Qe7 10. Qd4 c5 11. dxc6 bxc6 12. Nf3 c5 13. Qd3 g6 14. O-O Bf5 15.
Qd2 Bg7 16. h3 Nf6 17. Bd3 Bxd3 18. Qxd3 O-O 19. f5 d5 20. cxd5 c4 21. d6 Qd7
22. Qd2 Qxf5 23. Qf4 Qxf4 24. Bxf4 Nfd5 25. Nxd5 Nxd5 26. Be5 Rad8 27. Rfd1 Ne3
28. Rd2 c3 29. Bxc3 Nc4 30. Rd3 Rxd6 31. Rxd6 Nxd6 32. Bxg7 Kxg7 33. Rd1 Rd8
34. Ne5 Nb7 35. Rc1 Rd2 36. Nxf7 Rxb2 37. Rc7 Kf6 38. h4 a5 39. Ng5 h6 40. Ne4+
Ke5 41. Nf2 Kd4 42. Rd7+ Kc4 43. Nd3 Rb5 44. a4 Rb6 45. Kh2 Nd6 46. Nf4 Kb3 47.
Nxg6 Kxa4 48. Nf4 Kb3 49. Ra7 a4 50. Nd3 a3 51. Nc5+ Ka2 52. g4 Rb2+ 53. Kh3
Rc2 54. Ra5 Nc4 55. Ra6 Rc3+ 56. Kh2 Ne5 57. Ne4 Nxg4+ 58. Kg2 Re3 59. Nd2 Ne5
60. Kf1 Kb2 61. Kf2 Ng4+ 62. Kg2 Rc3 63. Rb6+ Kc2 64. Nb1 a2 65. Nxc3 a1=Q 66.
Ne2 Qe1 67. Rc6+ Kd2 68. Ng3 Ne5 69. Rxh6 Ke3 70. Re6 Qd2+ 71. Kh3 Qd7 72. Nf5+
Kf4 73. Rf6 Ng4 74. Rf8 {(Zeit)} 1-0

[Event "OLNW 1819 SK Union Oldenburg - Delmenho"]
[Site "?"]
[Date "2018.11.25"]
[Round "3.4"]
[White "Meessen, Max"]
[Black "Mossakowski, Florian"]
[Result "1/2-1/2"]
[WhiteElo "2195"]
[BlackElo "2284"]
[PlyCount "82"]
[EventDate "2018.??.??"]

1. d4 Nf6 2. c4 e6 3. Nc3 Bb4 4. Qc2 c5 5. dxc5 Na6 6. a3 Bxc3+ 7. Qxc3 Nxc5 8.
f3 d5 9. cxd5 b6 10. Bg5 O-O 11. Bxf6 gxf6 12. b4 Na4 13. Qb3 b5 14. e3 a6 15.
Ne2 exd5 16. Nf4 Re8 17. Be2 Qe7 18. Kf2 d4 19. e4 Be6 20. Nxe6 Qxe6 21. Qxe6
fxe6 22. Bd1 Nb2 23. Ra2 Nd3+ 24. Kg3 e5 25. Bb3+ Kf8 26. Rd1 Nf4 27. Kf2 Rac8
28. g3 Ne6 29. a4 Rc3 30. Bxe6 Rxe6 31. axb5 axb5 32. Ra5 Rc2+ 33. Kg1 Rec6 34.
Rxb5 Rb2 35. Ra1 Rcc2 36. Rb7 Rg2+ 37. Kf1 Rbf2+ 38. Ke1 Re2+ 39. Kd1 Rd2+ 40.
Ke1 Rde2+ 41. Kd1 Rd2+ 1/2-1/2

[Event "OLNW 1819 SK Union Oldenburg - Delmenho"]
[Site "?"]
[Date "2018.11.25"]
[Round "3.5"]
[White "Hedke, Fred"]
[Black "Schuette, Marc"]
[Result "1/2-1/2"]
[WhiteElo "2274"]
[BlackElo "2092"]
[PlyCount "157"]
[EventDate "2018.??.??"]

1. e4 d6 2. d4 Nf6 3. Nc3 e5 4. h3 c6 5. Nf3 Nbd7 6. a4 a5 7. Bc4 Be7 8. Qe2
O-O 9. O-O Qc7 10. Re1 h6 11. Ba2 exd4 12. Nxd4 Nc5 13. Bc4 Bd7 14. Bf4 Rfe8
15. Qf3 Ne6 16. Nxe6 Bxe6 17. Bxe6 fxe6 18. e5 Nd5 19. Nxd5 exd5 20. Qg3 Bf8
21. exd6 Qd7 22. Bxh6 Bxd6 23. Bf4 Bxf4 24. Qxf4 Rf8 25. Qg3 Rf7 26. Re5 Raf8
27. Rae1 Qd6 28. R1e2 Qb4 29. b3 Qd4 30. Re7 b5 31. Rxf7 Kxf7 32. Kh2 bxa4 33.
bxa4 Qxa4 34. Qd6 Kg8 35. Qe6+ Kh7 36. Re3 Rf6 37. Qe8 Qf4+ 38. Rg3 Qxf2 39.
Qd7 Rf7 40. Qxc6 Qf5 41. Qa4 Qf4 42. Qxa5 d4 43. Qh5+ Kg8 44. Qd5 Kh7 45. Qe6
Rf6 46. Qe2 Kg8 47. Qe1 Rf5 48. Qe6+ Rf7 49. Qb3 Kh8 50. Qe6 Kg8 51. Qe2 Rf5
52. Qe8+ Rf8 53. Qd7 Rf7 54. Qd5 Kh7 55. Qf3 Qxf3 56. Rxf3 Rc7 57. Rf2 Rc3 58.
Rd2 Kg6 59. Kg1 Kf5 60. Kf1 g5 61. Ke1 Ke4 62. Kf2 Rc5 63. Re2+ Kf5 64. Ke1 Rc3
65. Kd2 Kf4 66. Rf2+ Ke4 67. Rf8 Rg3 68. Re8+ Kf4 69. Re2 Rc3 70. Ke1 Rg3 71.
Kd1 Rc3 72. Kd2 Rg3 73. Rf2+ Ke4 74. Ke1 Rc3 75. Re2+ Kf4 76. Kf2 Rc5 77. g3+
Kf5 78. Rd2 Ke4 79. Re2+ 1/2-1/2

[Event "OLNW 1819 SK Union Oldenburg - Delmenho"]
[Site "?"]
[Date "2018.11.25"]
[Round "3.6"]
[White "Wagner, Jan"]
[Black "Pahl, Erik"]
[Result "1-0"]
[WhiteElo "2140"]
[BlackElo "1963"]
[PlyCount "93"]
[EventDate "2018.??.??"]

1. Nf3 c5 2. c4 g6 3. Nc3 Bg7 4. d4 cxd4 5. Nxd4 Nc6 6. Nc2 d6 7. e4 Bxc3+ 8.
bxc3 Nf6 9. f3 Qa5 10. Bd2 Bd7 11. Be2 O-O 12. O-O Rfc8 13. Kh1 Ne5 14. Ne3 Be6
15. Nd5 Bxd5 16. cxd5 Nc4 17. Bg5 Ne8 18. Qb3 Nb6 19. c4 Na4 20. Qa3 b5 21.
cxb5 Rc3 22. Bd2 Rxa3 23. Bxa5 Nc3 24. Bxc3 Rxc3 25. Rfc1 Rac8 26. Rxc3 Rxc3
27. a4 Rc2 28. Bd3 Rc3 29. Bf1 Nc7 30. Kg1 Rc2 31. Bd3 Rc3 32. Be2 f5 33. a5
Rb3 34. b6 axb6 35. a6 Rc3 36. a7 Na8 37. Bb5 Rc8 38. exf5 gxf5 39. Bd7 Rc7 40.
Bc6 Rc8 41. Bb7 Rd8 42. Rc1 Kf7 43. Rc8 Rxc8 44. Bxc8 Kf6 45. f4 b5 46. Kf2 Nb6
47. Ke2 1-0

[Event "OLNW 1819 SK Union Oldenburg - Delmenho"]
[Site "?"]
[Date "2018.11.25"]
[Round "3.7"]
[White "Pahl, Theis"]
[Black "Buerckner, Hartmut"]
[Result "1/2-1/2"]
[WhiteElo "1986"]
[BlackElo "2156"]
[PlyCount "119"]
[EventDate "2018.??.??"]

1. e4 c5 2. Nf3 d6 3. d4 cxd4 4. Nxd4 Nf6 5. Nc3 a6 6. Bg5 e6 7. f4 Be7 8. Qf3
Qc7 9. O-O-O Nbd7 10. f5 e5 11. Nb3 b5 12. a3 Bb7 13. Bxf6 Nxf6 14. g4 h6 15.
h4 O-O-O 16. Nd5 Nxd5 17. exd5 Kb8 18. Qe4 Rc8 19. Kb1 Rhe8 20. Rh2 Qd8 21. a4
bxa4 22. Qxa4 Qb6 23. Na5 e4 24. Nxb7 Bf6 25. Qa3 Kxb7 26. Rh3 e3 27. Rd3 Bxb2
28. Qxb2 Qxb2+ 29. Kxb2 e2 30. Bxe2 Rxe2 31. Rc3 Rxc3 32. Kxc3 Kb6 33. Rg3 Kc5
34. Kd3 Re7 35. f6 gxf6 36. Rf3 h5 37. gxh5 Re5 38. h6 Rxd5+ 39. Ke4 Rd4+ 40.
Ke3 Rxh4 41. Rxf6 Kd5 42. Kd2 Ke5 43. Rxf7 Rxh6 44. Kc3 d5 45. Ra7 Rc6+ 46. Kd3
Kd6 47. Ra8 Kc5 48. Kc3 Kb5+ 49. Kb3 a5 50. Rb8+ Rb6 51. Rd8 Ka6+ 52. Ka4 Rb4+
53. Ka3 Rb5 54. Ka4 Rc5 55. Ra8+ Kb6 56. Rb8+ Kc6 57. Rc8+ Kd6 58. Rxc5 Kxc5
59. Kxa5 d4 60. Ka6 1/2-1/2

[Event "OLNW 1819 SK Union Oldenburg - Delmenho"]
[Site "?"]
[Date "2018.11.25"]
[Round "3.8"]
[White "Heinemann, Ernst"]
[Black "Grebener, Soeren"]
[Result "1/2-1/2"]
[WhiteElo "2084"]
[BlackElo "2003"]
[PlyCount "72"]
[EventDate "2018.??.??"]

1. e4 e5 2. Nc3 Nc6 3. Bc4 Bc5 4. d3 d6 5. Nf3 Nf6 6. h3 h6 7. Na4 a6 8. Nxc5
dxc5 9. Be3 Qe7 10. a3 O-O 11. O-O Rd8 12. Qe2 b6 13. Rae1 Be6 14. Bxe6 Qxe6
15. b3 Qe7 16. Bc1 Rd7 17. Bb2 a5 18. a4 Nd4 19. Bxd4 cxd4 20. Nd2 Re8 21. Nc4
Qc5 22. Qd2 Nh5 23. g3 Qe7 24. Kh2 Kh7 25. Qd1 g6 26. Qg4 Nf6 27. Qe2 Nh5 28.
f3 Qf6 29. Rg1 Re6 30. Ref1 Qe7 31. f4 exf4 32. gxf4 f5 33. Qg2 Qf6 34. e5 Qf8
35. Qf3 Qc5 36. Rg2 Qb4 {(=)} 1/2-1/2

[Event "OLNW 1819 HSK Lister Turm - SV Hellern"]
[Site "?"]
[Date "2018.11.25"]
[Round "3.1"]
[White "Lingnau, Carsten"]
[Black "Buchenau, Frank"]
[Result "1/2-1/2"]
[WhiteElo "2423"]
[BlackElo "2285"]
[PlyCount "110"]
[EventDate "2018.??.??"]

1. d4 e6 2. c4 Nf6 3. g3 d5 4. Bg2 Bb4+ 5. Bd2 Be7 6. Nf3 O-O 7. O-O c6 8. Qc2
Nbd7 9. Bf4 b6 10. Rd1 Bb7 11. Ne5 Nxe5 12. dxe5 Nd7 13. cxd5 cxd5 14. e4 Rc8
15. Nc3 d4 16. Rxd4 Qc7 17. Qa4 Nc5 18. Qd1 Rfd8 19. Nb5 Rxd4 20. Qxd4 Rd8 21.
Qe3 Qc6 22. Nd6 Bxd6 23. exd6 f6 24. b4 Nxe4 25. Re1 e5 26. Qb3+ Qd5 27. Qxd5+
Bxd5 28. Bxe5 fxe5 29. Bxe4 Bxe4 30. Rxe4 Rxd6 31. Rxe5 Rd2 32. a3 Ra2 33. Re3
g5 34. Kg2 Kf7 35. g4 Kg6 36. Rd3 Kf6 37. Rd7 Rxa3 38. Rxh7 Ra4 39. Kg3 Rxb4
40. Rxa7 Rb3+ 41. f3 b5 42. Rc7 Re3 43. Rb7 Rb3 44. Rb6+ Kg7 45. Rc6 b4 46. Rc5
Kg6 47. Rb5 Kh6 48. Rf5 Rb1 49. f4 Rb3+ 50. Kg2 gxf4 51. Rxf4 Kg5 52. Rc4 Rb2+
53. Kg3 Rb3+ 54. Kg2 Rb2+ 55. Kg3 Rb3+ 1/2-1/2

[Event "OLNW 1819 HSK Lister Turm - SV Hellern"]
[Site "?"]
[Date "2018.11.25"]
[Round "3.2"]
[White "Polster, Christian"]
[Black "Ewert, Hannes"]
[Result "1/2-1/2"]
[WhiteElo "2299"]
[BlackElo "2299"]
[PlyCount "67"]
[EventDate "2018.??.??"]

1. e4 e5 2. Nf3 Nc6 3. Bc4 Bc5 4. c3 Nf6 5. d4 exd4 6. cxd4 Bb4+ 7. Nc3 Nxe4 8.
O-O Bxc3 9. d5 Bf6 10. Re1 Ne7 11. Rxe4 d6 12. Bg5 Bxg5 13. Nxg5 h6 14. Qa4+
Bd7 15. Qb3 O-O 16. Rae1 Re8 17. Nf3 Nf5 18. Rxe8+ Bxe8 19. Qxb7 Rb8 20. Qa6
Rxb2 21. Bb3 Bd7 22. Qxa7 Nh4 23. Nxh4 Qxh4 24. Rf1 Qe4 25. Qe3 Qg6 26. Qg3 Qe4
27. h3 Bb5 28. Rc1 Ba4 29. Bc4 Qd4 30. Qe3 Qb6 31. Bd3 Qxe3 32. fxe3 Rxa2 33.
Rxc7 Kf8 34. Ra7 1/2-1/2

[Event "OLNW 1819 HSK Lister Turm - SV Hellern"]
[Site "?"]
[Date "2018.11.25"]
[Round "3.3"]
[White "Stock, Joerg"]
[Black "Hoerstmann, Rudi"]
[Result "1-0"]
[WhiteElo "2200"]
[BlackElo "2226"]
[PlyCount "167"]
[EventDate "2018.??.??"]

1. e4 g6 2. d4 Bg7 3. Nc3 d6 4. f4 Nf6 5. Nf3 O-O 6. e5 dxe5 7. fxe5 Nd5 8. Bc4
Nxc3 9. bxc3 c5 10. O-O Bg4 11. Be3 Nc6 12. h3 Bxf3 13. Rxf3 Qa5 14. Bf2 Rad8
15. Qf1 e6 16. Bb5 Rd7 17. Bxc6 bxc6 18. Qc4 Rb8 19. dxc5 Bxe5 20. Re1 Rd5 21.
Qh4 Bg7 22. c4 Rd7 23. Qe4 Qa4 24. Rb3 Rbd8 25. Kh2 Qxa2 26. Reb1 Bd4 27. Bh4
Rc8 28. Rb8 Rxb8 29. Rxb8+ Kg7 30. Bg3 Qa1 31. Bd6 Rxd6 32. cxd6 Be5+ 33. g3
Bxd6 34. Rb7 Qc3 35. Qd3 Qe5 36. Qf3 Qf5 37. Qxf5 gxf5 38. Rxa7 f4 39. Ra6
fxg3+ 40. Kg2 Kf6 41. Rxc6 Bf4 42. Ra6 h6 43. c5 Ke5 44. Kf3 Kf5 45. Ra7 e5 46.
Rxf7+ Ke6 47. c6 Kxf7 48. c7 e4+ 49. Kxf4 g2 50. c8=Q g1=Q 51. Qf5+ Ke8 52.
Kxe4 Qc1 53. Qe6+ Kd8 54. c4 Kc7 55. Ke5 Qe3+ 56. Kf6 Qg5+ 57. Kf7 Qc1 58. Kg7
Qg5+ 59. Qg6 Qc1 60. Qf7+ Kc8 61. h4 Kb8 62. h5 Kc8 63. Kh7 Kb8 64. Qf8+ Kb7
65. c5 Qe3 66. Qd6 Kc8 67. Qc6+ Kb8 68. Qd6+ Kc8 69. Qf8+ Kc7 70. Qg7+ Kc8 71.
c6 Qe4+ 72. Qg6 Qe3 73. Qxh6 Qe4+ 74. Qg6 Qe1 75. Qg7 Qe4+ 76. Qg6 Qe1 77. h6
Kc7 78. Kg8 Qd1 79. h7 Qd8+ 80. Kg7 Qd4+ 81. Qf6 Qg1+ 82. Kf8 Kc8 83. h8=Q Qc5+
84. Qe7 1-0

[Event "OLNW 1819 HSK Lister Turm - SV Hellern"]
[Site "?"]
[Date "2018.11.25"]
[Round "3.4"]
[White "Hoerstmann, Martin"]
[Black "Happe, Reinhold"]
[Result "1-0"]
[WhiteElo "2234"]
[BlackElo "2138"]
[PlyCount "91"]
[EventDate "2018.??.??"]

1. Nf3 d5 2. g3 Nf6 3. Bg2 c6 4. O-O Bf5 5. d3 h6 6. c4 e6 7. Qb3 Qb6 8. Be3
Qxb3 9. axb3 a6 10. cxd5 exd5 11. Na3 Nbd7 12. Nc2 Bd6 13. b4 O-O 14. Nfd4 Bg6
15. Nb3 Rfe8 16. Rfe1 Be5 17. Reb1 Bc7 18. Re1 Ng4 19. Bd4 Bb6 20. Nc5 Nxc5 21.
bxc5 Bc7 22. Bh3 f5 23. f3 Nf6 24. Bxf6 gxf6 25. f4 b6 26. b4 a5 27. Kf1 axb4
28. cxb6 Bxb6 29. Nxb4 Ba5 30. Reb1 Bxb4 31. Rxa8 Rxa8 32. Rxb4 Ra7 33. Rb8+
Kf7 34. Rc8 Ra1+ 35. Kf2 Rc1 36. Ke3 Ke6 37. Rh8 h5 38. Bg2 c5 39. Bf3 d4+ 40.
Kd2 Ra1 41. Rc8 Ra6 42. Rxc5 Be8 43. Rc7 Bd7 44. Rc4 Rd6 45. Bxh5 Bc6 46. Ke1
1-0